| 000 | 02301nam0a2200397 4500 | ||
|---|---|---|---|
| 001 | RU\NLR\bibl\1349600 | ||
| 005 | 20250615173325.0 | ||
| 010 |
_a978-5-93272-607-5 _9150 |
||
| 021 |
_aRU _b2009-6018 _9344 |
||
| 035 | _a(nilc)RSL-KNO-004243376 | ||
| 035 | _a(NLR Aleph) 001334702 | ||
| 090 |
_a822700 _c822700 |
||
| 100 | _a20090225d2008 |||y0rusy50 ca | ||
| 101 | 0 | _arus | |
| 102 | _aRU | ||
| 105 | _aa ||||||||| | ||
| 200 | 1 |
_aОрганизация НИОКР и проектирование _eучебное пособие для студентов специальности 220601 "Управление инновациями" _fН. А. Мурашова _gФедер. агентство по образованию, Гос. образоват. учреждение высш. проф. образования "Нижегор. гос. техн. ун-т им. Р. Е. Алексеева" |
|
| 210 |
_aНижний Новгород _cНижегородский государственный технический университет _d2008 |
||
| 215 |
_a140, [1] с. _cил. _d20 |
||
| 320 | _aБиблиогр.: с. 122-124 (53 назв.) | ||
| 606 | 1 |
_aТехника _jУчебные издания для высших учебных заведений _xНаучно-исследовательская работа _xОрганизация _91814980 _3RU\NLR\auth\661111978 |
|
| 606 | 1 |
_aПроектно-конструкторские работы _jУчебные издания для высших учебных заведений _xОрганизация _92035858 _3RU\NLR\auth\66938199 |
|
| 610 | 0 | _aЭкономика -- Российская Федерация -- Машиностроительная промышленность -- Предприятие -- Научно-технический прогресс -- Инновации | |
| 610 | 0 | _aинновации в управлении | |
| 686 | _aЖ.е(2)я73-1 | ||
| 686 | _aЖ2-6я73-1 | ||
| 700 | 1 |
_aМурашова _bН. А. _gНаталья Александровна _4070 |
|
| 801 | 0 |
_aRU _bРКП _c20090225 _grcr |
|
| 801 | 1 |
_aRU _bРГБ _c20090225 |
|
| 801 | 2 |
_aRU _bNLR _c20090401 _grcr |
|
| 830 | _aавт. по кн. | ||
| 942 | _cBOOK | ||
| 980 | _aNB | ||
| 980 | _aNBR | ||